000 00622nam a2200181Ia 4500
008 100920s9999 xx 000 0 und d
082 _b92047
_a24 थ 99
100 _aभादानी हरीश.
245 _aमैं - मेरा अष्टावक्र.
260 _bकलासन प्रकाशन , बीकानेर.
_c1999
300 _a152
_bसाधी
365 _b200
520 _aसायो.
630 _aमैं - मेरा अष्टावक्र.
650 _aसायो.
730 _aमैं - मेरा अष्टावक्र.
942 _cBOOK
999 _c732494
_d732491